Les 20 plus gros transferts de l'OM - Statistiques

Statistiques générales
  • Ce quiz a été pris 312 fois
  • Le résultat moyen est 10 sur 20
Statistiques - réponses
Club Transfert Club Joueur % Correct
OM 15M West Ham Payet
85%
Braga 32M OM Vitinha
85%
OM 38.5M Chelsea Drogba
83%
OM 18.35M Newcastle Thauvin
68%
OM 30M Bayern Munich Ribery
67%
Roma 25M OM Strootman
64%
Flamengo 20.5M OM Gerson
59%
Sheffield 17M OM Ndiaye
56%
OM 39M Chelsea Batshuayi
55%
OM 15M Seville Ocampos
55%
Toulouse 16M OM Gignac
52%
OM 24.85M Fulham Anguissa
39%
Salzburg 19M OM Caleta-Car
38%
OM 16M Arsenal Nasri
38%
OM 15.8M Aston Villa Sanson
38%
OM 15M Fenerbace Under
38%
Benfica 15M OM Mitroglou
28%
Porto 19M OM Gonzalez
26%
OM 20M Porto Imbula
24%
Nice 15.5M OM Remy
11%
Aucun quiz correspondant
Distribution des résultats
% des personnes avec chaque résultat
Percentile par nombre de réponses
Votre historique - résultats
Vous n’avez pas pris ce quiz